Tribhuvan University Central Library

Yaunikata ra laingikatako shabdakosh (Record no. 91841)

MARC details
000 -LEADER
fixed length control field 00425nam a22001697a 4500
008 - FIXED-LENGTH DATA ELEMENTS--GENERAL INFORMATION
fixed length control field 200131b xxu||||| |||| 00| 0 eng d
020 ## - INTERNATIONAL STANDARD BOOK NUMBER
International Standard Book Number 9789937064835
041 ## - LANGUAGE CODE
Language code of text/sound track or separate title Nep.
082 ## - DEWEY DECIMAL CLASSIFICATION NUMBER
Classification number N306.703/K520y
100 ## - MAIN ENTRY--PERSONAL NAME
Personal name Kapali, Rukshana
245 ## - TITLE STATEMENT
Title Yaunikata ra laingikatako shabdakosh
260 ## - PUBLICATION, DISTRIBUTION, ETC.
Place of publication, distribution, etc. Kathmandu:
Name of publisher, distributor, etc. Rukshana Kapali,
300 ## - PHYSICAL DESCRIPTION
Extent 47p. ;illus.
650 ## - SUBJECT ADDED ENTRY--TOPICAL TERM
Topical term or geographic name entry element Sex
650 ## - SUBJECT ADDED ENTRY--TOPICAL TERM
Topical term or geographic name entry element Dictionaries
942 ## - ADDED ENTRY ELEMENTS (KOHA)
Source of classification or shelving scheme Dewey Decimal Classification
Koha item type ISBN
Holdings
Withdrawn status Lost status Source of classification or shelving scheme Damaged status Not for loan Home library Current library Date acquired Total Checkouts Full call number Barcode Date last seen Price effective from Koha item type
    Dewey Decimal Classification     Tribhuvan University Central Library Tribhuvan University Central Library 01/31/2020   N306.703/K531y IS16681 01/31/2020 01/31/2020 ISBN
    Dewey Decimal Classification     Tribhuvan University Central Library Tribhuvan University Central Library 01/31/2020   N306.703/K531y IS16682 01/31/2020 01/31/2020 ISBN